| 000 | 00657nam a2200241 a 4500 | ||
|---|---|---|---|
| 999 |
_c1633 _d1633 |
||
| 007 | ta | ||
| 008 | 200113t2004 xxu||||g |||| 001 0 eng d | ||
| 020 |
_a9780521546577 _c£. 29.99 |
||
| 040 |
_aKO _beng |
||
| 041 | 0 | _aeng | |
| 044 | _axxu | ||
| 082 | 0 | 4 |
_223 _a355.41109 _bV279 |
| 100 | 1 | _aVan Creveld, Martin | |
| 245 | 1 | 0 |
_aSupplying War : _bLogistics From Wallenstein to Patton / _cMartin Van Creveld |
| 250 | _a2nd ed. | ||
| 260 |
_aNew York : _bCambridge University Press , _c2004. |
||
| 300 |
_aviii , 313 p. : _c23 cm |
||
| 504 | _aIncludes index. | ||
| 650 | 0 |
_aMilitary supplies _vTextbooks |
|
| 904 | _aReshma_R | ||
| 942 | _cBK | ||